MARC details
| 000 -LEADER |
| fixed length control field |
00284nam a22000977a 4500 |
| 005 - DATE AND TIME OF LATEST TRANSACTION |
| control field |
20250901165411.0 |
| 008 - FIXED-LENGTH DATA ELEMENTS--GENERAL INFORMATION |
| fixed length control field |
210323b ||||| |||| 00| 0 eng d |
| 050 ## - LIBRARY OF CONGRESS CALL NUMBER |
| Classification number |
LC5133.L67F66 2008 |
| 245 ## - TITLE STATEMENT |
| Title |
RENTLESS PURSUIT |
| Remainder of title |
A YEAR IN THE TRENCHES WITH TEACH FOR AMERICA |
| Statement of responsibility, etc. |
FOOTE, DONNA |
| 942 ## - ADDED ENTRY ELEMENTS (KOHA) |
| Source of classification or shelving scheme |
Library of Congress Classification |